Practical Statistics For Data Scientists (Record no. 347118)
[ view plain ]
| 000 -LEADER | |
|---|---|
| fixed length control field | 00492nam a2200169Ia 4500 |
| 008 - FIXED-LENGTH DATA ELEMENTS--GENERAL INFORMATION | |
| fixed length control field | 230718s9999 xx 000 0 und d |
| 020 ## - INTERNATIONAL STANDARD BOOK NUMBER | |
| International Standard Book Number | 9789352135653 |
| 041 ## - LANGUAGE CODE | |
| Language code of text/sound track or separate title | eng |
| 082 ## - DEWEY DECIMAL CLASSIFICATION NUMBER | |
| Classification number | 519.502 |
| Item number | BRU |
| 100 ## - MAIN ENTRY--PERSONAL NAME | |
| Personal name | Bruce P. |
| 9 (RLIN) | 200713 |
| 245 ## - TITLE STATEMENT | |
| Title | Practical Statistics For Data Scientists |
| Remainder of title | 50 Essential Concepts |
| 260 ## - PUBLICATION, DISTRIBUTION, ETC. (IMPRINT) | |
| Date of publication, distribution, etc. | 2017 |
| Name of publisher, distributor, etc. | O'Reilly/SPD |
| 300 ## - PHYSICAL DESCRIPTION | |
| Extent | 298 |
| 365 ## - TRADE PRICE | |
| Currency code | Rs. |
| Price amount | 925.00 |
| 700 ## - ADDED ENTRY--PERSONAL NAME | |
| Personal name | Bruce P. & Bruce A. |
| 9 (RLIN) | 200714 |
| 906 ## - LOCAL DATA ELEMENT F, LDF (RLIN) | |
| d | O:0591506-Mar-2018B:419715-Feb-2018 |
| c | COMP |
| b | 185 |
| Withdrawn status | Lost status | Damaged status | Not for loan | Home library | Current library | Date acquired | Vendor | Budget Code | Cost, normal purchase price | Bill number | Total Checkouts | Full call number | Barcode | Date last seen | Date last checked out | Discount | Cost, replacement price | Bill Date | Koha item type | Original Barcode |
|---|---|---|---|---|---|---|---|---|---|---|---|---|---|---|---|---|---|---|---|---|
| Cummins College of Engineering for Women Pune | Cummins College of Engineering for Women Pune | 06/03/2018 | Technical Book Services | COMP | 740.00 | 4197 | 2 | 519.502 | CCEP-BK-58325 | 19/09/2024 | 03/09/2024 | 185 | 925.00 | 15/02/2018 | Books | 058325 |